Statistics for All the Flags of the Countries, US States and Territories.

Click here to take the quiz!

General Stats

  • This quiz has been taken 103 times
  • The average score is 234 of 363

Answer Stats

Answer% Correct
Denmark
98%
Lesotho
92%
Brazil
90%
Ethiopia
90%
Lebanon
88%
Finland
87%
New Zealand
87%
Somalia
87%
Sudan
87%
Syria
87%
Turkey
87%
United States
87%
Armenia
85%
Canada
85%
Jamaica
85%
Japan
85%
Malaysia
85%
Mauritius
85%
Morocco
85%
Netherlands
85%
United Arab Emirates
85%
Albania
83%
Argentina
83%
Belgium
83%
Bhutan
83%
Colombia
83%
Dominican Republic
83%
Ecuador
83%
Germany
83%
Greece
83%
Indonesia
83%
Iraq
83%
Panama
83%
Russia
83%
South Africa
83%
Texas
83%
United Kingdom
83%
Vatican City
83%
Venezuela
83%
Afghanistan
81%
Australia
81%
Bangladesh
81%
California
81%
China
81%
Costa Rica
81%
Croatia
81%
Cyprus
81%
El Salvador
81%
Estonia
81%
European Union
81%
France
81%
Honduras
81%
Iceland
81%
Ireland
81%
Italy
81%
Ivory Coast
81%
Kazakhstan
81%
Kuwait
81%
Laos
81%
Libya
81%
Malta
81%
Mexico
81%
Norway
81%
Pakistan
81%
Paraguay
81%
Portugal
81%
Romania
81%
Saudi Arabia
81%
Spain
81%
Sri Lanka
81%
St. Lucia
81%
Sweden
81%
Thailand
81%
Tunisia
81%
Uruguay
81%
Vietnam
81%
Yemen
81%
Andorra
79%
Barbados
79%
Bosnia & Herzegovina
79%
Bulgaria
79%
Cambodia
79%
Comoros
79%
Czech Republic
79%
Haiti
79%
Israel
79%
Kenya
79%
Kosovo
79%
Liberia
79%
Luxembourg
79%
Monaco
79%
Mozambique
79%
Nepal
79%
Nepal
79%
Niger
79%
Nigeria
79%
North Macedonia
79%
Poland
79%
Qatar
79%
San Marino
79%
Scotland
79%
Singapore
79%
Slovakia
79%
Soviet Union
79%
Taiwan
79%
Trinidad & Tobago
79%
Turkmenistan
79%
Uganda
79%
Ukraine
79%
Wales
79%
Algeria
77%
Austria
77%
Belarus
77%
Cameroon
77%
Chad
77%
Georgia
77%
Guatemala
77%
Guyana
77%
Hungary
77%
Iran
77%
Italy
77%
Jordan
77%
Kyrgyzstan
77%
Mauritania
77%
Nicaragua
77%
Oman
77%
Peru
77%
Philippines
77%
Senegal
77%
Seychelles
77%
Slovenia
77%
Switzerland
77%
Tonga
77%
Washington
77%
Bahrain
75%
Brunei
75%
Chile
75%
Cuba
75%
East Timor
75%
Egypt
75%
Greenland
75%
Grenada
75%
Hong Kong
75%
India
75%
Marshall Islands
75%
Nauru
75%
North Korea
75%
Papua New Guinea
75%
South Korea
75%
South Sudan
75%
Tajikistan
75%
Azerbaijan
73%
Belize
73%
Cape Verde
73%
Dominica
73%
D.R. Congo
73%
England
73%
Isle of Man
73%
Latvia
73%
Liechtenstein
73%
Moldova
73%
Mongolia
73%
Montenegro
73%
Puerto Rico
73%
Rep. of the Congo
73%
Sierra Leone
73%
Tanzania
73%
Angola
71%
Antigua and Barbuda
71%
Bahamas
71%
Colorado
71%
Eswatini
71%
Ghana
71%
Guinea-Bissau
71%
Japan
71%
Kiribati
71%
Lithuania
71%
Sao Tome & Principe
71%
Serbia
71%
St. Kitts & Nevis
71%
Suriname
71%
Tuvalu
71%
United Kingdom
71%
Uzbekistan
71%
Vanuatu
71%
Zambia
71%
Alaska
69%
Botswana
69%
Djibouti
69%
Fiji
69%
Gabon
69%
Guam
69%
Madagascar
69%
Maldives
69%
Namibia
69%
Palau
69%
Samoa
69%
Togo
69%
Wake Island
69%
Zimbabwe
69%
Benin
67%
Bolivia
67%
Burkina Faso
67%
Burundi
67%
Guernsey
67%
Hawaii
67%
Malawi
67%
Mali
67%
Myanmar
67%
Red Cross
67%
Solomon Islands
67%
Wyoming
67%
Equatorial Guinea
65%
France
65%
Gambia
65%
Guinea
65%
Ohio
65%
Rwanda
65%
South Dakota
65%
St. Vincent and the Grenadines
65%
Yugoslavia
65%
Alabama
63%
Austria-Hungary
63%
Central African Republic
63%
Christmas Island
63%
Eritrea
63%
Jersey
63%
NATO
63%
Northern Ireland
63%
Portugal
63%
Tibet
63%
Tibet
63%
Catalonia
62%
F.S. of Micronesia
62%
Jews
62%
Norfolk Islands
62%
Ottoman Empire
62%
United Nations
62%
East Germany
60%
Macau
60%
New Mexico
60%
Oklahoma
60%
Florida
58%
Gibraltar
58%
New Jersey
58%
Niue
58%
Quebec
58%
American Samoa
56%
Arizona
56%
Christianity
56%
Greece
56%
Virgin Islands
56%
Bermuda
54%
Cook Islands
54%
Corsica
54%
Faroe Islands
54%
French Guiana
54%
Maryland
54%
Mississippi
54%
Nova Scotia
54%
African Union
52%
Brazil
52%
British Columbia
52%
Louisiana
52%
Nunavut
52%
Queensland
52%
Tasmania
52%
Virginia
52%
Alberta
50%
Bavaria
50%
Brittany
50%
Cocos Islands
50%
Falkland Islands
50%
Hinduism
50%
Newfoundland and Labrador
50%
Northern Territory
50%
Sicily
50%
Spain
50%
Victoria
50%
World Health Organisation
50%
Yukon
50%
Manitoba
48%
New Caledonia
48%
Polish-Lithuanian Commonwealth
48%
Saskatchewan
48%
Sikhism
48%
South Carolina
48%
Western Australia
48%
Arkansas
46%
Indiana
46%
Iowa
46%
Mayotte
46%
North Carolina
46%
Qing Dynasty
46%
Utah
46%
Anguilla
44%
Confederate States of America
44%
Delaware
44%
French Polynesia
44%
Massachusetts
44%
New South Wales
44%
Ontario
44%
Rhode Island
44%
South Australia
44%
Tennessee
44%
Vermont
44%
Aruba
42%
Georgia
42%
Holy Roman Empire
42%
Kentucky
42%
Oregon
42%
Sardinia
42%
Guadeloupe
40%
Nebraska
40%
Persia
40%
Pitcairn Islands
40%
Prince Edward Island
40%
Prussia
40%
Reunion
40%
St. Pierre & Miquelon
40%
Wallis and Futuna
40%
Arab League
38%
Australian Capital Territory
38%
Buddhism
38%
Kansas
38%
Minnesota
38%
Montana
38%
Nevada
38%
New York
38%
Northwest Territories
38%
Pennsylvania
38%
Cayman Islands
37%
North Dakota
37%
Connecticut
35%
Illinois
35%
Maine
35%
Missouri
35%
West Virginia
35%
Wisconsin
35%
Michigan
33%
New Brunswick
33%
Hamburg
31%
Hokkaido
31%
The Commonwealth of Nations
31%
Brandenburg
29%
Idaho
29%
New Hampshire
29%
Red Crescent
29%
Saxony
29%
Mongol Empire
27%
Saarland
27%
ASEAN
25%
East Turkestan
25%
Joseon
25%
Kalmar Union
25%
Tuscany
25%
Hesse
21%
Liguria
21%
Picardie
19%
Lazio
17%
Aquitaine
15%
Limousin
13%
Burgundy
12%

Score Distribution

Percentile by Number Answered

Percent of People with Each Score

Your Score History

You have not taken this quiz